| 000 | 00888cam a2200301u 4500 | ||
|---|---|---|---|
| 001 | 200461338 | ||
| 003 | TR-AnTOB | ||
| 005 | 20241106161314.0 | ||
| 008 | 841108s1970 gw a 000 0 ger | ||
| 010 | _a 72530389 | ||
| 040 |
_aDLC _cCarP _dDLC _beng _erda |
||
| 041 | _ager | ||
| 050 | 0 | 0 |
_aTX809.M17 _bG6 |
| 090 |
_aTX809.M17 _bG6 1970 TıpFaK |
||
| 100 | 1 |
_aGööck, Roland _9145937 |
|
| 245 | 1 | 0 | _a50 flotte Kochideen. |
| 246 | 3 | 0 | _aFünfzig flotte Kochideen. |
| 264 | 1 |
_aStuttgart : _bDeutsche Verlags-Anstalt, _c[c1970] |
|
| 300 |
_a50 pages : _billustrations (part color) ; _c22 cm |
||
| 336 |
_atext _btxt _2rdacontent |
||
| 337 |
_aunmediated _bn _2rdamedia |
||
| 338 |
_avolume _bnc _2rdacarrier |
||
| 650 | 0 |
_aCooking (Pasta) _9145938 |
|
| 650 | 0 |
_aCooking (Potatoes) _9145939 |
|
| 650 | 0 |
_aCooking (Rice) _9145940 |
|
| 942 |
_2lcc _cBK |
||
| 999 |
_c200461338 _d79550 |
||